00389nam a2200121 4500245007700000710001900077260003800096300002700134490003400161082001700195650002800212650002700240 aMarx Engels Lenin : on historical materialismccompiled by T. Borodulina aBorodulina, T. aMoscowbProgress Publishersc1972 a[v],751p.:ill.; 24cm.- aworker of all countries unite a335.411bMAR aHistorical materialism  aMarxian historiography